[Event "Guernsey Open"]
[Site "Guernsey GCI"]
[Date "2006.10.16"]
[Round "2"]
[White "Roberts, Paul"]
[Black "Spanton, Timothy R"]
[Result "1-0"]
[WhiteElo "2189"]
[BlackElo "2051"]
[PlyCount "86"]
[EventDate "2006.10.15"]

1. f4 g6 2. Nf3 Bg7 3. d3 d5 4. c3 Nc6 5. Nbd2 Nf6 6. g3 O-O 7. Bg2 Qd6 8. d4
b6 9. O-O Ba6 10. Re1 Rad8 11. Ne5 Nd7 12. e4 e6 13. Nxc6 Qxc6 14. e5 f6 15.
Nf3 f5 16. Be3 Rfe8 17. h3 Qb5 18. Bf1 Qa5 19. b4 Qa3 20. Qb3 Qxb3 21. axb3
Bxf1 22. Rxf1 Ra8 23. Rf2 a5 24. Rfa2 Reb8 25. Nd2 Kf7 26. bxa5 b5 27. Kf2 Ra6
28. Ke2 Rba8 29. Kd3 Nb8 30. b4 R6a7 31. g4 Na6 32. Rg1 Bf8 33. Rb2 Be7 34. Nf3
Rg8 35. Bf2 Raa8 36. Bh4 Bxh4 37. Nxh4 Raf8 38. Rbg2 fxg4 39. hxg4 Ke7 40. f5
gxf5 41. gxf5 Rxg2 42. f6+ Kf7 43. Rxg2 Rg8 1-0

[Event "Guernsey Open"]
[Site "Guernsey GCI"]
[Date "2006.10.16"]
[Round "2"]
[White "Collier, David O"]
[Black "Goris, Ton"]
[Result "1-0"]
[WhiteElo "2175"]
[BlackElo "2077"]
[PlyCount "77"]
[EventDate "2006.10.15"]

1. d4 e6 2. Nf3 Nf6 3. Bg5 h6 4. Bh4 c5 5. e3 b6 6. Nbd2 Bb7 7. Bd3 Be7 8. O-O
O-O 9. c4 d6 10. a3 a5 11. Rc1 Nbd7 12. Bg3 Rc8 13. h3 cxd4 14. exd4 d5 15. Qe2
dxc4 16. Nxc4 Nb8 17. Nce5 Nc6 18. Rcd1 Bd6 19. Bb1 Ne7 20. Rfe1 Ned5 21. Qd3
Qe7 22. Nh2 Rc7 23. Nhg4 Rfc8 24. Bh4 Kf8 25. Qd2 g5 26. Nxh6 gxh4 27. Nhxf7
Bxe5 28. Nxe5 Qg7 29. Ng6+ Kg8 30. Rxe6 Ne7 31. Nxh4 Bd5 32. Re5 Kf8 33. Rde1
Re8 34. g4 Nxg4 35. Rg5 Qh6 36. hxg4 Qxh4 37. Qf4+ Bf7 38. Rh5 Nd5 39. Qh6+ 1-0

[Event "Guernsey Open"]
[Site "Guernsey GCI"]
[Date "2006.10.16"]
[Round "2"]
[White "Gravett, Alan D"]
[Black "Taylor, Mark"]
[Result "0-1"]
[WhiteElo "1972"]
[BlackElo "2152"]
[PlyCount "42"]
[EventDate "2006.10.15"]

1. g3 f5 2. c4 Nf6 3. Nc3 e5 4. Nf3 Nc6 5. d4 e4 6. d5 exf3 7. dxc6 bxc6 8.
exf3 Bb4 9. Qc2 O-O 10. Be3 Qe7 11. O-O-O d6 12. h4 Be6 13. Ne2 Nh5 14. Nd4 Bd7
15. Bd3 g6 16. Bg5 Qg7 17. a3 Bxa3 18. Bxf5 Bxf5 19. Nxf5 Rxf5 20. g4 Rxf3 21.
gxh5 Rc3 0-1

[Event "Guernsey Open"]
[Site "Guernsey GCI"]
[Date "2006.10.16"]
[Round "2"]
[White "Short, Stephen"]
[Black "Heppell, Ian N"]
[Result "1/2-1/2"]
[WhiteElo "1835"]
[BlackElo "2138"]
[PlyCount "69"]
[EventDate "2006.10.15"]

1. e4 e5 2. Nf3 Nc6 3. Bb5 Nge7 4. O-O g6 5. d4 exd4 6. Nxd4 Bg7 7. Be3 O-O 8.
c4 d6 9. Nc3 f5 10. exf5 Nxd4 11. Bxd4 Bxf5 12. Bxg7 Kxg7 13. Qd4+ Kg8 14. Rad1
Be6 15. Rfe1 Nf5 16. Qe4 Bf7 17. Qxb7 a6 18. Bc6 Rb8 19. Qxa6 Rxb2 20. Qa3 Rb6
21. Bd5 Qf6 22. Bxf7+ Qxf7 23. Nd5 Rb7 24. Qc3 c6 25. Nb4 Nh4 26. Re2 Nxg2 27.
Kxg2 Rxb4 28. Rxd6 Rxc4 29. Qg3 Rf4 30. Qb3 c5 31. Qxf7+ R8xf7 32. Rc6 Rg4+ 33.
Kf1 Rh4 34. Kg2 Rg4+ 35. Kf1 1/2-1/2

[Event "Guernsey Open"]
[Site "Guernsey GCI"]
[Date "2006.10.16"]
[Round "2"]
[White "Tan, HB.."]
[Black "O'Toole, George E"]
[Result "1/2-1/2"]
[WhiteElo "2125"]
[BlackElo "1935"]
[PlyCount "75"]
[EventDate "2006.10.15"]

1. e4 e5 2. d4 exd4 3. Nf3 Nc6 4. c3 dxc3 5. Nxc3 Bb4 6. Bc4 Qe7 7. O-O Bxc3 8.
bxc3 Ne5 9. Nxe5 Qxe5 10. Qb3 Qe7 11. Ba3 c5 12. f4 Nf6 13. e5 Ng4 14. f5 Nxe5
15. f6 gxf6 16. Rae1 d6 17. Bxc5 dxc5 18. Bxf7+ Kf8 19. Bd5 Kg7 20. c4 Rf8 21.
Qg3+ Bg4 22. Qxg4+ Kh8 23. Qf5 Qd6 24. Re4 Rae8 25. Rh4 Re7 26. Rh6 Nd7 27. Qh5
Qe5 28. Qf3 Qd4+ 29. Kh1 Ne5 30. Rxf6 Nxf3 31. Rxf8+ Kg7 32. R8xf3 Re3 33. Rf7+
Kg6 34. Rxb7 Qd2 35. Rbf7 Re1 36. R7f6+ Kg7 37. Rf7+ Kg6 38. R7f6+ 1/2-1/2

[Event "Guernsey Open"]
[Site "Guernsey GCI"]
[Date "2006.10.16"]
[Round "2"]
[White "Bakre, Tejas"]
[Black "Wiecker, Stefan"]
[Result "1-0"]
[WhiteElo "2447"]
[BlackElo "2048"]
[PlyCount "37"]
[EventDate "2006.10.15"]

1. e4 c5 2. Nf3 Nc6 3. d4 cxd4 4. Nxd4 Nf6 5. Nc3 d6 6. Bg5 e6 7. Qd2 Be7 8.
O-O-O O-O 9. f4 Nxd4 10. Qxd4 Qa5 11. e5 dxe5 12. Qxe5 Qb6 13. Na4 Qc6 14. Bb5
Ng4 15. Qe2 Qc7 16. Bxe7 Qxe7 17. Qxg4 Qb4 18. Nc3 e5 19. Bd7 1-0

[Event "Guernsey Open"]
[Site "Guernsey GCI"]
[Date "2006.10.16"]
[Round "2"]
[White "Lock, Gavin R"]
[Black "Rowe, Peter"]
[Result "1-0"]
[WhiteElo "2226"]
[BlackElo "2047"]
[PlyCount "83"]
[EventDate "2006.10.15"]

1. Nf3 d5 2. d4 Nf6 3. c4 e6 4. Nc3 Nbd7 5. Bg5 c6 6. e3 Qa5 7. Nd2 dxc4 8.
Bxf6 Nxf6 9. Nxc4 Qc7 10. Rc1 Be7 11. Be2 O-O 12. O-O Rd8 13. Qc2 Bd7 14. a3
Rac8 15. b4 Qb8 16. Qb3 Be8 17. Rfd1 h6 18. e4 Rc7 19. e5 Nh7 20. Ne4 Nf8 21.
Nc5 Qc8 22. a4 Ng6 23. g3 b5 24. Na5 Bxc5 25. Rxc5 bxa4 26. Qxa4 Rd5 27. Nc4
Qb8 28. Nd6 Ne7 29. Bf3 Rxc5 30. bxc5 Bd7 31. Be4 Bc8 32. Rb1 Qa8 33. Qb4 f5
34. exf6 gxf6 35. Qd2 Nf5 36. Bxf5 exf5 37. Qxh6 Be6 38. Qxf6 Bf7 39. Nxf5 Qf8
40. Rb8 Be8 41. Nh6+ Qxh6 42. Rxe8+ 1-0

[Event "Guernsey Open"]
[Site "Guernsey GCI"]
[Date "2006.10.16"]
[Round "2"]
[White "Havenaar, Jan"]
[Black "Bower, Daniel"]
[Result "1-0"]
[WhiteElo "2202"]
[BlackElo "2010"]
[PlyCount "105"]
[EventDate "2006.10.15"]

1. Nc3 a6 2. g3 d5 3. e4 dxe4 4. Nxe4 Bf5 5. Bg2 Nd7 6. Ne2 Rb8 7. O-O Bxe4 8.
Bxe4 Ngf6 9. Bg2 e6 10. d4 Bd6 11. a4 O-O 12. c4 c6 13. Qc2 Re8 14. Rd1 Qe7 15.
Nc3 Bc7 16. b3 Rbc8 17. Ba3 Bd6 18. Bb2 Bb8 19. Qd3 Red8 20. Qe2 Qb4 21. Qc2
Qe7 22. Ba3 Bd6 23. c5 Bb8 24. b4 Nd5 25. Nxd5 exd5 26. Bh3 Qg5 27. Bc1 Qh5 28.
Kg2 g6 29. Re1 f5 30. Qe2 Qxe2 31. Rxe2 Re8 32. Raa2 Nf6 33. f3 Kf7 34. Bg5
Rxe2+ 35. Rxe2 Re8 36. Rb2 Bc7 37. b5 axb5 38. axb5 Rb8 39. b6 Bd8 40. Ra2 Be7
41. Bf4 Re8 42. Ra7 Nh5 43. Be5 Ke6 44. g4 Nf6 45. Rxb7 Nd7 46. gxf5+ gxf5 47.
Bxf5+ Kxf5 48. Rxd7 Bxc5 49. b7 Ba7 50. Rc7 Rg8+ 51. Kf1 c5 52. Rc8 Rg6 53. Ra8
1-0

[Event "Guernsey Open"]
[Site "Guernsey GCI"]
[Date "2006.10.16"]
[Round "2"]
[White "Vickery, Jim"]
[Black "Heath, Jeffrey"]
[Result "1-0"]
[WhiteElo "2155"]
[BlackElo "1926"]
[PlyCount "63"]
[EventDate "2006.10.15"]

1. d4 e6 2. e4 d5 3. e5 c5 4. c3 Nc6 5. Nf3 cxd4 6. cxd4 Bd7 7. Be2 Bb4+ 8. Kf1
Be7 9. g3 h5 10. h4 g6 11. Kg2 Kf8 12. Nc3 a6 13. Be3 Nh6 14. Bd3 Kg7 15. Qd2
Be8 16. Rac1 Nf5 17. Bxf5 gxf5 18. Bg5 f6 19. exf6+ Bxf6 20. Rhe1 Bd7 21. Bxf6+
Qxf6 22. Ne2 Rac8 23. a3 Ne7 24. Ne5 Bc6 25. Nf4 Kg8 26. Nxc6 bxc6 27. Rxe6 Qf7
28. Rce1 Rc7 29. Qb4 Rh7 30. Qb8+ Rc8 31. Qd6 Re8 32. Ng6 1-0

[Event "Guernsey Open"]
[Site "Guernsey GCI"]
[Date "2006.10.16"]
[Round "2"]
[White "Thurlow, Kevin J"]
[Black "Van Ingen, Ton"]
[Result "1/2-1/2"]
[WhiteElo "2140"]
[BlackElo "1855"]
[PlyCount "72"]
[EventDate "2006.10.15"]

1. e4 b6 2. d4 Bb7 3. Bd3 Nf6 4. Nd2 e6 5. Ngf3 c5 6. c3 Nc6 7. O-O d6 8. Re1
Be7 9. Nf1 O-O 10. Ne3 cxd4 11. cxd4 Nb4 12. Bb1 Bxe4 13. Bxe4 Nxe4 14. a3 Nc6
15. Qc2 Nxd4 16. Nxd4 Nf6 17. Qb3 Qd7 18. Bd2 Rfc8 19. Rad1 Ne4 20. Qd3 d5 21.
Ng4 Bd6 22. Bb4 Nc5 23. Qh3 a5 24. Bd2 Ne4 25. Nf3 Rc2 26. Rxe4 dxe4 27. Ng5
Rac8 28. Qxh7+ Kf8 29. Qh8+ Ke7 30. Qxg7 Rxd2 31. Rf1 Rcc2 32. Nf6 Qb5 33.
Qxf7+ Kd8 34. Nxe6+ Kc8 35. g3 Qxf1+ 36. Kxf1 Rxf2+ 1/2-1/2

[Event "Guernsey Open"]
[Site "Guernsey GCI"]
[Date "2006.10.16"]
[Round "2"]
[White "Middleton, Tom"]
[Black "Morcom, Huw"]
[Result "1/2-1/2"]
[WhiteElo "2100"]
[BlackElo "1967"]
[PlyCount "47"]
[EventDate "2006.10.15"]

1. e4 c5 2. Nf3 d6 3. Bb5+ Nd7 4. c3 Ngf6 5. Qe2 a6 6. Ba4 b5 7. Bc2 Bb7 8. O-O
e6 9. d4 Be7 10. Nbd2 Qc7 11. Bd3 c4 12. Bc2 e5 13. d5 Nc5 14. Re1 h6 15. Nf1
Bc8 16. Ng3 g6 17. h3 Bd7 18. Be3 Kf8 19. Qd2 Kg7 20. Nh2 h5 21. Bg5 Rae8 22.
Nf3 Qc8 23. Nh4 Qd8 24. Nf3 1/2-1/2

[Event "Guernsey Open"]
[Site "Guernsey GCI"]
[Date "2006.10.16"]
[Round "2"]
[White "Reutimann, Hans Peter"]
[Black "De Kruif, Kees"]
[Result "1/2-1/2"]
[WhiteElo "1791"]
[BlackElo "2080"]
[PlyCount "61"]
[EventDate "2006.10.15"]

1. d4 Nf6 2. Nf3 e6 3. Bf4 Be7 4. h3 c5 5. e3 a6 6. Nbd2 b5 7. Be2 Bb7 8. O-O
O-O 9. Ne5 d6 10. Nef3 Nbd7 11. c3 Nb6 12. dxc5 dxc5 13. Qc2 Nbd5 14. Bh2 Bd6
15. Rad1 Bxh2+ 16. Kxh2 Qc7+ 17. Kg1 Ne7 18. a4 Bc6 19. axb5 axb5 20. Ra1 Ng6
21. Nh2 Nh4 22. g3 Nf5 23. Bf3 Rxa1 24. Rxa1 Nxe3 25. fxe3 Qxg3+ 26. Kh1 Bxf3+
27. Ndxf3 Qxh3 28. Qg2 Qh6 29. Qg5 Qxg5 30. Nxg5 b4 31. c4 1/2-1/2

[Event "Guernsey Open"]
[Site "Guernsey GCI"]
[Date "2006.10.16"]
[Round "2"]
[White "Burton, Ronnie"]
[Black "Goris Schouwstra, Adri"]
[Result "1/2-1/2"]
[WhiteElo "2056"]
[BlackElo "1879"]
[PlyCount "36"]
[EventDate "2006.10.15"]

1. d4 d5 2. Nf3 e6 3. Bf4 Nf6 4. e3 Bd6 5. Ne5 O-O 6. Bd3 c5 7. c3 c4 8. Bc2 b5
9. Nd2 Bb7 10. Qf3 Nc6 11. g4 Bxe5 12. dxe5 Nd7 13. Qg3 Ne7 14. Nf3 Nc5 15. Nd4
g6 16. Bg5 Ne4 17. Qh4 Nxg5 18. Qxg5 Nc6 1/2-1/2

[Event "Guernsey Open"]
[Site "Guernsey GCI"]
[Date "2006.10.16"]
[Round "2"]
[White "Taylor, Bob"]
[Black "Reijneveld, Ad"]
[Result "0-1"]
[WhiteElo "2013"]
[BlackElo "2176"]
[PlyCount "62"]
[EventDate "2006.10.15"]

1. d4 Nf6 2. Nf3 d6 3. Bg5 Nbd7 4. Nbd2 g6 5. e4 e5 6. c3 Bg7 7. Bd3 O-O 8. O-O
c6 9. Re1 Qc7 10. Rc1 Re8 11. b4 Nf8 12. h3 Ne6 13. Be3 Bd7 14. Qb3 Nh5 15.
dxe5 dxe5 16. g3 b5 17. Kg2 a5 18. a3 axb4 19. axb4 Qd6 20. Bf1 Ra4 21. Qb2
Rea8 22. Nb3 Nf6 23. Rcd1 Qc7 24. Qb1 Bf8 25. Rd2 c5 26. bxc5 Nxe4 27. Rc2 Bc6
28. Qd1 Rd8 29. Nbd2 Bxc5 30. Qe2 N6g5 31. h4 Nxd2 0-1

[Event "Guernsey Open"]
[Site "Guernsey GCI"]
[Date "2006.10.16"]
[Round "2"]
[White "Goman, Colin"]
[Black "Dodgson, John A"]
[Result "1/2-1/2"]
[WhiteElo "1889"]
[BlackElo "2172"]
[PlyCount "53"]
[EventDate "2006.10.15"]

1. d4 d5 2. Nf3 Nf6 3. e3 Bg4 4. Nbd2 Nbd7 5. c4 e6 6. b3 Bb4 7. a3 Bc3 8. Ra2
Ne4 9. Be2 c5 10. O-O Bxd2 11. Bxd2 O-O 12. Ne1 Bxe2 13. Qxe2 cxd4 14. exd4
Nxd2 15. Rxd2 Qa5 16. Nc2 dxc4 17. bxc4 Nb6 18. c5 Nd5 19. f4 b6 20. f5 exf5
21. Rxf5 Rae8 22. Qf2 Ne7 23. Re5 Nc6 24. Rxe8 Rxe8 25. Re2 Rxe2 26. Qxe2 Kf8
27. Qe4 1/2-1/2

[Event "Guernsey Open"]
[Site "Guernsey GCI"]
[Date "2006.10.16"]
[Round "2"]
[White "O'Shea, Kevin"]
[Black "Pickersgill, Adrian"]
[Result "1/2-1/2"]
[WhiteElo "1874"]
[BlackElo "2093"]
[PlyCount "27"]
[EventDate "2006.10.15"]

1. e4 d5 2. exd5 Qxd5 3. Nc3 Qa5 4. d4 Nf6 5. Nf3 c6 6. Bc4 Bf5 7. O-O e6 8.
Re1 Nbd7 9. Ne5 Nxe5 10. dxe5 Nd5 11. Nxd5 cxd5 12. Bb3 Bc5 13. Be3 O-O 14. c3
1/2-1/2

[Event "Guernsey Open"]
[Site "Guernsey GCI"]
[Date "2006.10.16"]
[Round "2"]
[White "Von Saldern, Ruediger"]
[Black "Beadle, John"]
[Result "1-0"]
[WhiteElo "2090"]
[BlackElo "1950"]
[PlyCount "75"]
[EventDate "2006.10.15"]

1. d4 Nf6 2. Nf3 g6 3. Bg5 Bg7 4. e3 O-O 5. Be2 d5 6. O-O Nbd7 7. Nbd2 c6 8. c4
a6 9. a4 Re8 10. Qb3 Nf8 11. Rac1 h6 12. Bf4 N8h7 13. Ne5 dxc4 14. Bxc4 e6 15.
Rfd1 Nd5 16. Bg3 Nhf6 17. Bd3 g5 18. Bb1 Re7 19. Ndf3 Nh5 20. Nc4 Nxg3 21. hxg3
b5 22. Nce5 Rb7 23. Nxc6 Qd6 24. Nce5 Bd7 25. Rc5 Rab8 26. a5 Rc7 27. Rdc1 Rbc8
28. Qc2 f5 29. e4 fxe4 30. Qxe4 Nf6 31. Qe3 Be8 32. b4 Rxc5 33. dxc5 Qf8 34.
Rd1 Nd5 35. Qe4 Nf6 36. Qb7 Bh5 37. Qxa6 Bxf3 38. Qxe6+ 1-0

[Event "Guernsey Open"]
[Site "Guernsey GCI"]
[Date "2006.10.16"]
[Round "2"]
[White "Wantoch, Markus"]
[Black "Twitchell, David"]
[Result "1/2-1/2"]
[WhiteElo "2063"]
[BlackElo "2013"]
[PlyCount "77"]
[EventDate "2006.10.15"]

1. e4 e5 2. Nc3 Nf6 3. Bc4 Nxe4 4. Qh5 Nd6 5. Bb3 g6 6. Qxe5+ Qe7 7. Nf3 Nc6 8.
Qxe7+ Bxe7 9. O-O O-O 10. Re1 Bd8 11. d3 Nf5 12. Nd5 Na5 13. Bg5 Nxb3 14. axb3
f6 15. Bf4 d6 16. h3 Bd7 17. Ne3 g5 18. Nxf5 Bxf5 19. Bd2 Kf7 20. Nd4 Bd7 21.
b4 b6 22. b5 f5 23. c4 Bf6 24. Nf3 f4 25. Bc3 h5 26. h4 gxh4 27. Re4 Bxc3 28.
bxc3 Kg6 29. Nxh4+ Kg7 30. Nf3 Bf5 31. Rd4 Bh7 32. Ng5 Bg8 33. Re4 Kg6 34. Nh3
f3 35. Re7 fxg2 36. Rxc7 Be6 37. Kxg2 Bxh3+ 38. Kxh3 Rf3+ 39. Kg2 1/2-1/2

[Event "Guernsey Open"]
[Site "Guernsey GCI"]
[Date "2006.10.16"]
[Round "2"]
[White "Downey, Keith"]
[Black "Morris Hill, Ray"]
[Result "1/2-1/2"]
[WhiteElo "1872"]
[BlackElo "2060"]
[PlyCount "55"]
[EventDate "2006.10.15"]

1. c4 e5 2. g3 c5 3. Bg2 Nc6 4. Nc3 g6 5. d3 Bg7 6. Rb1 Nge7 7. a3 a5 8. e3 O-O
9. Nge2 d6 10. O-O Rb8 11. b3 Be6 12. Nd5 b5 13. Nec3 b4 14. Nxe7+ Nxe7 15. Nd5
Nxd5 16. cxd5 Bd7 17. a4 f5 18. f4 Qe7 19. Kh1 Rbe8 20. Bd2 Bc8 21. Qc2 Ba6 22.
Rfe1 exf4 23. gxf4 Qf6 24. Rf1 Re7 25. Rf3 Rfe8 26. Rg3 Bh6 27. Rg1 Bg7 28. Rb1
1/2-1/2

[Event "Guernsey Open"]
[Site "Guernsey GCI"]
[Date "2006.10.16"]
[Round "2"]
[White "O'Driscoll, Kieran"]
[Black "Pollard, Matthew"]
[Result "1/2-1/2"]
[WhiteElo "2054"]
[BlackElo "1930"]
[PlyCount "114"]
[EventDate "2006.10.15"]

1. d4 e6 2. c4 Nf6 3. Nf3 c5 4. e3 cxd4 5. exd4 d5 6. Nc3 Nc6 7. Bd3 a6 8. c5
b6 9. cxb6 Qxb6 10. O-O Bd7 11. Na4 Qa7 12. Be3 Ng4 13. Rc1 Nxe3 14. fxe3 Nb4
15. Bb1 Bb5 16. Rf2 Bd6 17. Nc5 a5 18. Ng5 Rf8 19. Bxh7 Qe7 20. Qh5 Bxc5 21.
Rxc5 Bd3 22. Nxf7 Rxf7 23. Bg8 Bf5 24. Qxf7+ Qxf7 25. Bxf7+ Kxf7 26. g4 Nd3 27.
Rc7+ Kg8 28. gxf5 Nxf2 29. Kxf2 Rf8 30. Ra7 Rxf5+ 31. Kg3 Rg5+ 32. Kf4 Rf5+ 33.
Kg4 Rf2 34. Rxa5 Rxb2 35. Ra7 Rxh2 36. a4 Kh7 37. a5 Kg6 38. a6 Ra2 39. Ra8 Ra3
40. Kf4 Kf7 41. a7 Kg6 42. Re8 Rxa7 43. Rxe6+ Kf7 44. Rd6 Ra5 45. Kf5 Ra3 46.
Kf4 Ra5 47. Rd7+ Kf6 48. Rd6+ Kf7 49. Ke5 Ra3 50. Rd7+ Kf8 51. Kf4 Ra5 52. Rc7
Ra8 53. Rc3 Re8 54. Kf5 Re7 55. Kg6 Re6+ 56. Kf5 Re7 57. Kg6 Re6+ 1/2-1/2

[Event "Guernsey Open"]
[Site "Guernsey GCI"]
[Date "2006.10.16"]
[Round "2"]
[White "Dijksterhuis, Rolf"]
[Black "Cross, Ian K"]
[Result "1-0"]
[WhiteElo "2047"]
[BlackElo "1890"]
[PlyCount "71"]
[EventDate "2006.10.15"]

1. e4 e6 2. d4 d5 3. Nc3 Nf6 4. Bd3 dxe4 5. Nxe4 Nxe4 6. Bxe4 Be7 7. Nf3 Nd7 8.
O-O Nf6 9. Bd3 O-O 10. Ne5 Bd7 11. Re1 Rc8 12. Qf3 b6 13. Bf4 c5 14. Ba6 cxd4
15. Bxc8 Qxc8 16. Nxd7 Nxd7 17. c3 dxc3 18. Qxc3 Qxc3 19. bxc3 Bf6 20. Rac1 h6
21. Red1 Nc5 22. Be3 Rc8 23. g3 Kh7 24. Kf1 Kg6 25. c4 Be7 26. Ke2 Rc7 27. Bf4
Rc8 28. h4 Bf6 29. Be3 Na4 30. Rd3 Nc5 31. Rd2 Na4 32. Bd4 Be7 33. Be5 Bb4 34.
Rd7 a5 35. h5+ Kxh5 36. Rxf7 1-0

[Event "Guernsey Open"]
[Site "Guernsey GCI"]
[Date "2006.10.16"]
[Round "2"]
[White "Ippel, Cok"]
[Black "Donoghue, John"]
[Result "1-0"]
[WhiteElo "2046"]
[BlackElo "1803"]
[PlyCount "33"]
[EventDate "2006.10.15"]

1. Nc3 d5 2. e4 d4 3. Nce2 e5 4. Nf3 f6 5. Ng3 Be6 6. Bb5+ c6 7. Ba4 Na6 8. d3
Qa5+ 9. c3 dxc3 10. O-O Bc5 11. Bb3 Nc7 12. Bxe6 Nxe6 13. Qb3 Nc7 14. bxc3 Ne7
15. d4 Bb6 16. dxe5 fxe5 17. Ng5 1-0

[Event "Guernsey Open"]
[Site "Guernsey GCI"]
[Date "2006.10.16"]
[Round "2"]
[White "Dennis, Nigel W"]
[Black "Van Hoek, Wim"]
[Result "1/2-1/2"]
[WhiteElo "2020"]
[BlackElo "1803"]
[PlyCount "94"]
[EventDate "2006.10.15"]

1. e4 e5 2. Nf3 Nc6 3. Bb5 f5 4. d4 fxe4 5. Bxc6 dxc6 6. Nxe5 Nf6 7. O-O Bd6 8.
Nc3 O-O 9. Bg5 Qe8 10. Re1 Bxe5 11. dxe5 Qxe5 12. Bxf6 Qxf6 13. Nxe4 Qxb2 14.
Qd3 Bf5 15. Qc4+ Kh8 16. Rab1 Qe5 17. Rxb7 Bxe4 18. Qxe4 Qc5 19. Qe2 Qa3 20.
Rxc7 Qxa2 21. Rxc6 a5 22. c4 Qxe2 23. Rxe2 a4 24. Rb6 a3 25. Ra2 Rfc8 26. g3 g6
27. Rb3 Rxc4 28. Rbxa3 Rxa3 29. Rxa3 Rc7 30. h4 h5 31. Kg2 Kg7 32. Kh3 Rf7 33.
f3 Kh6 34. g4 hxg4+ 35. Kxg4 Rb7 36. Ra6 Rb4+ 37. f4 Rb5 38. Re6 Ra5 39. Re5
Ra1 40. Re3 Ra5 41. Re5 Ra1 42. Rg5 Rg1+ 43. Kf3 Rf1+ 44. Ke4 Ra1 45. Ke5 Ra5+
46. Kf6 Ra6+ 47. Ke5 Ra5+ 1/2-1/2

[Event "Guernsey Open"]
[Site "Guernsey GCI"]
[Date "2006.10.16"]
[Round "2"]
[White "Warmerdam, Rob"]
[Black "Borland, Tom"]
[Result "1-0"]
[WhiteElo "1796"]
[BlackElo "2018"]
[PlyCount "97"]
[EventDate "2006.10.15"]

1. d4 d5 2. c4 e6 3. Nc3 Nf6 4. Nf3 Be7 5. g3 O-O 6. Bg2 c6 7. O-O Nbd7 8. b3
Bb4 9. Bb2 Qe7 10. a3 Ba5 11. Qc2 dxc4 12. bxc4 e5 13. dxe5 Nxe5 14. Nxe5 Qxe5
15. Nd5 Qg5 16. h4 Qd2 17. Qxd2 Bxd2 18. Nxf6+ gxf6 19. Rad1 Ba5 20. Bxf6 Be6
21. Rc1 Rfe8 22. e4 h5 23. Rfd1 Kh7 24. Rd3 Kg6 25. Bg5 f6 26. Bf4 Rad8 27. Rd6
c5 28. e5 Bc7 29. Rxd8 Rxd8 30. Bxb7 Bxe5 31. Be4+ Kf7 32. Bxe5 fxe5 33. Rc3
Rd4 34. Bf3 Rxc4 35. Bxh5+ Kf6 36. Rf3+ Kg7 37. Re3 Kf6 38. Bf3 Rc1+ 39. Kh2 c4
40. g4 c3 41. g5+ Kf5 42. Bg2 c2 43. Rc3 Kf4 44. g6 e4 45. g7 Ke5 46. h5 Kd4
47. Rc7 Kd3 48. h6 Bc4 49. Rxc4 1-0

[Event "Guernsey Open"]
[Site "Guernsey GCI"]
[Date "2006.10.16"]
[Round "2"]
[White "Heymuth, Marcel"]
[Black "Murray, Steve"]
[Result "1-0"]
[WhiteElo "1712"]
[BlackElo "2017"]
[PlyCount "93"]
[EventDate "2006.10.15"]

1. Nf3 Nf6 2. g3 d5 3. Bg2 e6 4. d3 Be7 5. Nbd2 Nbd7 6. c3 b6 7. c4 Bb7 8. O-O
O-O 9. cxd5 exd5 10. Nb3 c5 11. e3 Re8 12. Bd2 Bf8 13. Qc2 g6 14. Rae1 Bg7 15.
Ng5 h6 16. Nh3 Rc8 17. e4 dxe4 18. dxe4 Ba6 19. f4 Bxf1 20. Rxf1 Ng4 21. Bf3 h5
22. Qc4 Nh6 23. e5 Nf8 24. Ng5 Ne6 25. Bd5 Qe7 26. h3 Rc7 27. g4 hxg4 28. h4
Nf5 29. Bxe6 fxe6 30. Rf2 Rd7 31. Qe2 g3 32. Rg2 Bh6 33. Ne4 Bg7 34. Ng5 Qd8
35. h5 Rxd2 36. Nxd2 Qd4+ 37. Kh1 Qxf4 38. Qb5 Qh4+ 39. Kg1 Qd4+ 40. Kh1 Qd8
41. hxg6 Bxe5 42. Ndf3 Qd1+ 43. Rg1 g2+ 44. Kxg2 Qc2+ 45. Kh3 Rd8 46. Nxe5 Qf2
47. Rg4 {1-0, Time.} 1-0

[Event "Guernsey Open"]
[Site "Guernsey GCI"]
[Date "2006.10.17"]
[Round "3"]
[White "Hillarp Persson, Tiger"]
[Black "Roberts, Paul"]
[Result "1-0"]
[WhiteElo "2557"]
[BlackElo "2189"]
[PlyCount "121"]
[EventDate "2006.10.15"]

1. d4 d5 2. c4 e6 3. Nc3 c5 4. cxd5 exd5 5. Nf3 Nf6 6. g3 Nc6 7. Bg2 Be7 8. O-O
O-O 9. dxc5 Bxc5 10. a3 Bg4 11. h3 Bh5 12. g4 Bg6 13. g5 Ne4 14. Nxd5 Nd4 15.
Ne3 Nxg5 16. Nxg5 Qxg5 17. Nd5 Qh4 18. b4 Bb6 19. Nxb6 axb6 20. e3 Nc2 21. Ra2
Nxb4 22. Rd2 Nc6 23. Bb2 Rfd8 24. Rxd8+ Rxd8 25. Qb3 Qg5 26. Kh2 Qc5 27. Rd1
Bc2 28. Rxd8+ Nxd8 29. Qb4 Qxb4 30. axb4 Nc6 31. Bc3 Bd3 32. Bd5 Kf8 33. Kg3 f6
34. e4 Ke7 35. f4 Kd6 36. Kf3 f5 37. Bxg7 fxe4+ 38. Bxe4 Bxe4+ 39. Kxe4 Ke6 40.
f5+ Kf7 41. Bc3 Ne7 42. Ke5 Nc6+ 43. Ke4 Ne7 44. Ke5 Nc6+ 45. Kd6 Na7 46. Bb2
Nb5+ 47. Kd5 Nc7+ 48. Kc4 Ne8 49. Kd5 Nc7+ 50. Kd6 Ne8+ 51. Kd7 b5 52. Be5 h5
53. Kc8 Ng7 54. Bxg7 Kxg7 55. Kxb7 Kf6 56. Kc6 Kxf5 57. Kxb5 Kg5 58. Kc4 Kh4
59. b5 Kxh3 60. b6 h4 61. b7 1-0

[Event "Guernsey Open"]
[Site "Guernsey GCI"]
[Date "2006.10.17"]
[Round "3"]
[White "O'Leary, Matt"]
[Black "Gofshtein, Leonid D"]
[Result "0-1"]
[WhiteElo "2200"]
[BlackElo "2509"]
[PlyCount "40"]
[EventDate "2006.10.15"]

1. d4 Nf6 2. c4 c5 3. Nf3 cxd4 4. Nxd4 e5 5. Nf3 Nc6 6. e3 d5 7. cxd5 Qxd5 8.
Nbd2 e4 9. Bc4 Qf5 10. Nh4 Qc5 11. Qb3 g5 12. Bxf7+ Kd8 13. O-O gxh4 14. Rd1
Kc7 15. Nc4 h3 16. Qc3 Qg5 17. g3 Bb4 18. Rd5 Qxd5 19. Bxd5 Bxc3 20. bxc3 Nxd5
0-1

[Event "Guernsey Open"]
[Site "Guernsey GCI"]
[Date "2006.10.17"]
[Round "3"]
[White "Pinheiro, Jose"]
[Black "Taylor, Mark"]
[Result "1/2-1/2"]
[WhiteElo "2336"]
[BlackElo "2152"]
[PlyCount "51"]
[EventDate "2006.10.15"]

1. c4 f5 2. g3 Nf6 3. Bg2 e6 4. Nf3 Be7 5. O-O O-O 6. b3 d6 7. d4 a5 8. Nc3 Ne4
9. Bb2 Bf6 10. Qc2 Nxc3 11. Bxc3 Nc6 12. Rad1 Qe8 13. d5 Nd8 14. Nd4 Bxd4 15.
Bxd4 e5 16. Bb2 f4 17. c5 Qh5 18. cxd6 cxd6 19. Qc7 Qxe2 20. Ba3 Nf7 21. Rfe1
Qxa2 22. Ra1 Qd2 23. Red1 Qe2 24. Re1 Qd2 25. Red1 Qe2 26. Re1 1/2-1/2

[Event "Guernsey Open"]
[Site "Guernsey GCI"]
[Date "2006.10.17"]
[Round "3"]
[White "Burrows, Martin"]
[Black "Hamperl, Fred"]
[Result "1-0"]
[WhiteElo "2215"]
[BlackElo "2027"]
[PlyCount "77"]
[EventDate "2006.10.15"]

1. e4 c5 2. Nf3 Nc6 3. d4 cxd4 4. Nxd4 e5 5. Nb5 d6 6. c4 Be7 7. N1c3 a6 8. Na3
f5 9. exf5 Bxf5 10. Bd3 Qd7 11. Nd5 e4 12. Be2 Rb8 13. Nc2 Nf6 14. Bf4 Ne5 15.
Bxe5 dxe5 16. Nxe7 Qxe7 17. O-O Rd8 18. Qe1 O-O 19. Ne3 Be6 20. b4 Rd4 21. Qc3
Rfd8 22. Rfe1 Qf7 23. a3 Rf8 24. Rf1 Qg6 25. Rad1 Rfd8 26. Nc2 Rd3 27. Bxd3
exd3 28. Qxe5 Re8 29. Ne3 Bg4 30. Nxg4 Rxe5 31. Nxe5 Qg5 32. Nxd3 Ne4 33. Rfe1
Qf5 34. Re3 h5 35. Rde1 Nd2 36. Ne5 h4 37. h3 Qf4 38. Rd1 Nxc4 39. Rd8+ 1-0

[Event "Guernsey Open"]
[Site "Guernsey GCI"]
[Date "2006.10.17"]
[Round "3"]
[White "Heppell, Ian N"]
[Black "Bakre, Tejas"]
[Result "1/2-1/2"]
[WhiteElo "2138"]
[BlackElo "2447"]
[PlyCount "63"]
[EventDate "2006.10.15"]

1. e4 c5 2. Nf3 Nc6 3. c3 Nf6 4. e5 Nd5 5. d4 cxd4 6. Bc4 Nb6 7. Bb3 d5 8. exd6
Qxd6 9. O-O Be6 10. Bxe6 Qxe6 11. Nxd4 Nxd4 12. Qxd4 Rd8 13. Qh4 h5 14. Na3 Qg4
15. Qg5 Rd5 16. Qe3 e6 17. h3 Qg6 18. c4 Rd3 19. Qe5 Bxa3 20. Qb5+ Rd7 21. bxa3
Qd3 22. Be3 Qxc4 23. Qe5 O-O 24. Bxb6 axb6 25. Qxh5 Rd2 26. Rab1 Qd4 27. Rb4
Qd5 28. Qxd5 exd5 29. Rxb6 Rc8 30. Rxb7 Rcc2 31. Rbb1 Rxa2 32. Rbd1 1/2-1/2